| 000 | 00434nam a2200193Ia 4500 | ||
|---|---|---|---|
| 005 | 20250603144625.0 | ||
| 008 | 250603s9999 xx 000 0 und d | ||
| 020 | _a9780723438601 | ||
| 050 | _aRC 674 .E93/ | ||
| 100 | _aEvans, Jonathan | ||
| 245 | 0 | _aCardiovascular system | |
| 250 | _a4th ed. | ||
| 260 | _aNew York | ||
| 260 | _bElsevier Mosby | ||
| 260 | _c2015 | ||
| 300 | _a154 p | ||
| 650 | _aNew York | ||
| 942 | _cBK | ||
| 999 |
_c39468 _d39468 |
||